[Event "AUTO-OPEN-911"]
[Site "http://www.queenalice.com/game.php?id=386245"]
[Date "2008.4.12"]
[Round "2"]
[White "rgoncalves"]
[Black "darth_antonius"]
[Result "0-1"]
[WhiteElo "1483"]
[BlackElo "1796"]

1. b3 e5 2. e4 Nf6 3. f3 Bc5 4. Ne2 O-O 5. Ba3 Qe7 6. b4 Bd6 7. c4 Bxb4 8. Nc1
Nc6 9. Nd3 Bxa3 10. Nc3 Nd4 11. Rb1 c6 0-1

[Event "AUTO-OPEN-1001"]
[Site "http://www.queenalice.com/game.php?id=401866"]
[Date "2008.5.12"]
[Round "2"]
[White "darth_antonius"]
[Black "Camaraujo"]
[Result "1-0"]
[WhiteElo "1736"]
[BlackElo "2385"]

1. c4 e6 2. d4 b6 3. Nc3 Bb4 4. Qb3 Nc6 5. Nf3 Qf6 6. e4 h6 7. Be2 Bb7 8. O-O
Be7 9. Be3 O-O-O 10. d5 Ne5 11. Nxe5 1-0

[Event "AUTO-OPEN-1001"]
[Site "http://www.queenalice.com/game.php?id=401867"]
[Date "2008.5.12"]
[Round "2"]
[White "Camaraujo"]
[Black "darth_antonius"]
[Result "0-1"]
[WhiteElo "2362"]
[BlackElo "1766"]

1. e4 e5 2. Nf3 Nc6 3. Bc4 Bc5 4. c3 Nf6 5. d3 d6 6. O-O O-O 7. Nbd2 a5 8. Nb3
Ba7 9. Bg5 h6 10. Bh4 g5 0-1

[Event "AUTO-OPEN-1001"]
[Site "http://www.queenalice.com/game.php?id=401868"]
[Date "2008.5.12"]
[Round "2"]
[White "darth_antonius"]
[Black "TheWatcher"]
[Result "1-0"]
[WhiteElo "1881"]
[BlackElo "2167"]

1. c4 Nf6 2. Nc3 c6 3. d4 d5 4. cxd5 cxd5 5. Bf4 Nc6 6. e3 a6 7. Bd3 e6 8. Nf3
Bd6 9. Bg3 b5 10. a3 Bb7 11. O-O Qe7 12. Qd2 O-O 13. Rac1 Rac8 14. b4 Rfe8 15.
Bh4 Qf8 16. Bxf6 gxf6 17. Ne1 f5 18. f4 Ne7 19. Be2 Ng6 20. Nd3 f6 21. Nc5 Qg7
22. Rb1 Ra8 23. a4 Nh4 24. g3 Bxc5 25. bxc5 Bc6 26. axb5 axb5 27. Nxb5 Ng6 28.
Nd6 1-0

[Event "AUTO-OPEN-1001"]
[Site "http://www.queenalice.com/game.php?id=401869"]
[Date "2008.5.12"]
[Round "2"]
[White "TheWatcher"]
[Black "darth_antonius"]
[Result "0-1"]
[WhiteElo "2146"]
[BlackElo "1908"]

1. d4 Nf6 2. c4 c5 3. Nf3 e6 4. d5 exd5 5. cxd5 d6 6. Nc3 a6 7. a4 Be7 8. e4 O-O
9. Be2 Bg4 10. h3 Bxf3 11. Bxf3 Re8 12. O-O Nbd7 13. Be2 Nf8 14. f4 N6d7 15. Be3
Bf6 16. Bf3 Ng6 17. g3 Bxc3 18. bxc3 Nf6 19. Qc2 Nxd5 20. Bf2 Nf6 21. Rfd1 Qe7
22. Re1 h5 23. Rab1 Rab8 24. Rb6 Nd7 25. Rb2 h4 26. Qe2 hxg3 27. Bxg3 Qf6 28.
Qe3 b5 29. a5 b4 30. Rc1 Nh4 31. Bg4 Nf5 32. Qf3 Nxg3 33. Qxg3 bxc3 34. Rxb8
Qd4+ 0-1

[Event "AUTO-ADV-853"]
[Site "http://www.queenalice.com/game.php?id=417679"]
[Date "2008.6.15"]
[Round "2"]
[White "pepebacardi"]
[Black "darth_antonius"]
[Result "0-1"]
[WhiteElo "1861"]
[BlackElo "1898"]

1. e4 c5 2. Nf3 d5 3. exd5 Nf6 4. c4 e6 5. dxe6 Bxe6 6. Be2 Nc6 7. O-O Bd6 8.
Re1 O-O 9. b3 Re8 10. Bb2 Bf5 11. d4 Qc7 12. d5 Nd4 13. Bxd4 cxd4 14. Qxd4 Ng4
15. g3 Bc5 16. Qd2 Nxf2 17. Nd4 Qe5 18. Nc3 Bxd4 19. Bf3 Ne4+ 20. Kg2 Nxd2 21.
Rxe5 Rxe5 22. Rc1 Re3 23. Nd1 Rxf3 0-1

[Event "AUTO-ADV-853"]
[Site "http://www.queenalice.com/game.php?id=417680"]
[Date "2008.6.15"]
[Round "2"]
[White "darth_antonius"]
[Black "pepebacardi"]
[Result "1-0"]
[WhiteElo "1913"]
[BlackElo "1846"]

1. d4 g6 2. e4 Bg7 3. Nf3 c5 4. dxc5 Qa5+ 5. c3 Qxc5 6. Bd3 Nf6 7. Be3 Qc7 8.
Na3 a6 9. Nc4 O-O 10. Nb6 Ra7 11. Nxc8 Rxc8 12. Bxa7 Nc6 13. Bd4 Nxd4 14. Nxd4
e5 15. Nf3 d5 16. Qe2 b5 17. O-O Rd8 18. Rfd1 dxe4 19. Bxe4 Rxd1+ 20. Rxd1 h6
21. Bd5 Nxd5 22. Rxd5 1-0

[Event "AUTO-ADV-853"]
[Site "http://www.queenalice.com/game.php?id=417685"]
[Date "2008.6.15"]
[Round "2"]
[White "darth_antonius"]
[Black "Jackzapo"]
[Result "0-1"]
[WhiteElo "1934"]
[BlackElo "1862"]

1. d4 Nf6 2. Nc3 d5 3. Bg5 Nc6 4. Nf3 e6 5. e4 dxe4 6. Nxe4 Be7 7. Bxf6 Bxf6 8.
Bb5 Bd7 9. c3 Be7 10. O-O a6 11. Bc4 Na5 12. Bd3 b5 13. b4 Nb7 14. a4 c6 15.
axb5 cxb5 16. Nc5 Nxc5 17. dxc5 O-O 18. Nd4 Rc8 19. Rxa6 Rb8 20. c6 e5 21. Ra7
Ra8 0-1

[Event "AUTO-ADV-853"]
[Site "http://www.queenalice.com/game.php?id=417686"]
[Date "2008.6.15"]
[Round "2"]
[White "Jackzapo"]
[Black "darth_antonius"]
[Result "1-0"]
[WhiteElo "1881"]
[BlackElo "1915"]

1. e4 d5 2. exd5 Qxd5 3. Nc3 Qd6 4. Nf3 Nf6 5. d3 Nc6 6. Be2 Bf5 7. Nb5 Qb4+ 8.
Nc3 e5 9. O-O O-O-O 10. Re1 Bc5 11. h3 e4 12. a3 Qb6 13. Na4 Bxf2+ 14. Kh1 Qa6
15. Nc5 Bxc5 16. d4 b5 17. a4 exf3 18. Bxf3 Nxd4 19. Be3 Nxc2 20. Qe2 1-0

[Event "AUTO-ADV-853"]
[Site "http://www.queenalice.com/game.php?id=417687"]
[Date "2008.6.15"]
[Round "2"]
[White "darth_antonius"]
[Black "PLDunton"]
[Result "1-0"]
[WhiteElo "1825"]
[BlackElo "1950"]

1. d4 d5 2. e4 dxe4 3. f3 Nf6 4. Nc3 exf3 5. Nxf3 Bg4 6. h3 Bxf3 7. Qxf3 c6 8.
Be3 e6 9. Bd3 Bb4 10. O-O Qe7 11. Bg5 Nbd7 12. Ne4 O-O 13. Nxf6+ Nxf6 14. Qg3
Kh8 15. Qh4 Qd8 16. Bxf6 1-0

[Event "AUTO-ADV-853"]
[Site "http://www.queenalice.com/game.php?id=417688"]
[Date "2008.6.15"]
[Round "2"]
[White "PLDunton"]
[Black "darth_antonius"]
[Result "0-1"]
[WhiteElo "1936"]
[BlackElo "1862"]

1. e4 e5 2. Nf3 Nf6 3. Nxe5 Nxe4 4. Qe2 Qe7 5. Qxe4 d6 6. Bc4 Qxe5 7. Qxe5+ dxe5
8. O-O Nc6 9. Nc3 Bd7 10. d3 Nd4 11. Bb3 Be6 12. Bxe6 Nxe6 13. Be3 Kd7 14. a3 f5
15. Rfe1 Bd6 16. Nb5 a6 17. Nxd6 cxd6 18. b4 f4 19. Bd2 f3 20. g3 Nd4 21. Rac1
Rac8 22. c4 Ne2+ 23. Rxe2 fxe2 24. Re1 b5 25. cxb5 Rc2 26. Rxe2 axb5 27. Kf1 Ra8
28. Be3 Rxe2 29. Kxe2 Rxa3 30. Kf3 Rxd3 31. Ke4 Rb3 32. Bd2 Ke6 33. f4 d5# 0-1

[Event "Challenge"]
[Site "http://www.queenalice.com/game.php?id=419542"]
[Date "2008.6.18"]
[Round "-"]
[White "Aguinaldo"]
[Black "darth_antonius"]
[Result "0-1"]
[WhiteElo "1843"]
[BlackElo "1846"]

1. e4 e5 2. Nf3 f5 3. exf5 Nf6 4. Nxe5 Qe7 5. Qe2 d6 6. Nd3 Bxf5 7. Qxe7+ Bxe7
8. Be2 Nc6 9. Nc3 O-O-O 10. b3 d5 11. O-O Rhe8 12. Bf3 g5 13. h3 h5 14. Ne1 g4
15. hxg4 hxg4 16. Bd1 g3 17. f3 Bc5+ 0-1

[Event "AUTO-OPEN-1001"]
[Site "http://www.queenalice.com/game.php?id=445983"]
[Date "2008.8.9"]
[Round "3"]
[White "Lorfman"]
[Black "darth_antonius"]
[Result "1-0"]
[WhiteElo "2496"]
[BlackElo "1940"]

1. e4 c5 2. Nf3 e6 3. d4 cxd4 4. Nxd4 Nf6 5. Nc3 d6 6. Be3 e5 7. Nb3 a6 8. Qd2
Be7 9. f3 O-O 10. O-O-O Ne8 11. g4 Be6 12. Kb1 Bh4 13. Be2 Nc6 14. f4 exf4 15.
Bxf4 Ne5 16. g5 Ng6 17. Be3 Ne5 18. Nd4 Qd7 19. Rdf1 f6 20. Nxe6 Qxe6 21. Nd5
Rf7 22. Rhg1 fxg5 23. Rxf7 Nxf7 24. Qd3 Kh8 25. Bg4 Qg6 26. Qb3 Nf6 27. Bf5 Qh5
28. Nxf6 gxf6 29. Qe6 Kg8 30. Qxf6 Rf8 31. Bd4 Qh6 32. Qe7 1-0

[Event "AUTO-OPEN-1001"]
[Site "http://www.queenalice.com/game.php?id=445984"]
[Date "2008.8.9"]
[Round "3"]
[White "darth_antonius"]
[Black "Lorfman"]
[Result "1/2-1/2"]
[WhiteElo "1926"]
[BlackElo "2501"]

1. e4 c5 2. Nf3 Nc6 3. d4 cxd4 4. Nxd4 Nf6 5. Nc3 e5 6. Ndb5 d6 7. Bg5 a6 8.
Bxf6 gxf6 9. Na3 b5 10. Nd5 f5 11. Bd3 Be6 12. c3 Bg7 13. Qh5 O-O 14. exf5 Bxd5
15. f6 e4 16. fxg7 Re8 17. Be2 Re5 18. Qh6 Rg5 19. O-O Ne5 20. Rad1 Nd3 21. Bxd3
exd3 22. f3 Qb6+ 23. Kh1 Re5 24. Rxd3 Rae8 25. h3 Re1 26. Rd1 Qf2 27. Rfxe1
Rxe1+ 28. Rxe1 Qxe1+ 29. Kh2 Qe5+ 30. Kg1 Qe1+ 31. Kh2 Qe5+ 32. Kg1 Qe1+ 33. Kh2
1/2-1/2

[Event "AUTO-OPEN-1333"]
[Site "http://www.queenalice.com/game.php?id=491704"]
[Date "2008.11.11"]
[Round "1"]
[White "reginaldox"]
[Black "darth_antonius"]
[Result "1-0"]
[WhiteElo "1716"]
[BlackElo "1857"]

1. b4 c5 2. Bb2 Nf6 3. bxc5 e6 4. d4 d5 5. e3 Be7 6. Nf3 O-O 7. c4 Ne4 8. cxd5
exd5 9. Be2 Nc6 10. O-O b6 11. Bb5 Bb7 12. Nbd2 f5 13. cxb6 Qxb6 14. a4 a6 15.
Bxc6 Bxc6 16. Ne5 Be8 17. Rb1 Qd8 18. f3 Nxd2 19. Qxd2 a5 20. Rfc1 Bb4 21. Qd3
Bxa4 22. Bc3 Bd6 23. f4 Bxe5 24. dxe5 Qe7 25. Qxd5+ 1-0

[Event "AUTO-OPEN-1333"]
[Site "http://www.queenalice.com/game.php?id=491705"]
[Date "2008.11.11"]
[Round "1"]
[White "darth_antonius"]
[Black "reginaldox"]
[Result "0-1"]
[WhiteElo "1881"]
[BlackElo "1692"]

1. d4 d5 2. Nc3 Nf6 3. Bg5 e6 4. Nf3 Be7 5. e3 O-O 6. Bd3 h6 7. Bh4 c5 8. dxc5
Bxc5 9. O-O Nc6 10. a3 Be7 11. Ne2 e5 12. Bxf6 Bxf6 13. c3 e4 14. Nfd4 Bg4 15.
f3 exf3 16. Nxf3 a6 17. Ng3 Re8 18. Qd2 Ne5 19. Nxe5 Bxe5 20. Qf2 Be6 21. Nf5
Bxf5 22. Qxf5 Bf6 23. Rad1 Re5 24. Qh7+ Kf8 0-1

[Event "Fun with chess"]
[Site "http://www.queenalice.com/game.php?id=499475"]
[Date "2008.11.28"]
[Round "1"]
[White "arsen387"]
[Black "darth_antonius"]
[Result "1-0"]
[WhiteElo "1891"]
[BlackElo "1938"]

1. c4 Nf6 2. Nc3 c6 3. d4 d5 4. Nf3 Bf5 5. Bg5 Nbd7 6. Nh4 Be6 7. cxd5 cxd5 8.
Rc1 Rc8 9. Nb5 Rxc1 10. Qxc1 Qa5+ 11. Bd2 1-0